| 000 | 01420nam0a2200349 4500 | ||
|---|---|---|---|
| 001 | RU\NLR\BIBL_A\011135735 | ||
| 005 | 20260405115803.0 | ||
| 010 |
_a978-5-4470-0088-2 _91000 |
||
| 035 | _a(NILC)RuMoRGB-008480646 | ||
| 035 | _a(NLR Aleph) 011135735 | ||
| 090 |
_a11594015 _c11594015 |
||
| 100 | _a20160526d2016 |||y0rusy50 ca | ||
| 101 | 0 | _arus | |
| 102 | _aRU | ||
| 105 | _aac||z|||000yy | ||
| 200 | 1 |
_aРене Магритт (1898-1967) _f[авт. текста Н. В. Геташвили] |
|
| 210 |
_aМосква _cКомсомольская правда _cДирект-Медиа _d2016 |
||
| 215 |
_a70, [1] с. _cцв. ил., портр. _d31 |
||
| 225 | 1 |
_aЛучшие современные художники _vт. 12 |
|
| 300 | _aАвт. указан на обороте тит. л. | ||
| 300 | _aНа 3-й с.: Рене Франсуа Гислен Магритт | ||
| 333 | _a6+ | ||
| 600 | 1 |
_aМагритт _bР. _f1898 - 1967 _gРене _91132167 _3RU\NLR\AUTH\66449712 |
|
| 675 | _a75/76 | ||
| 686 | 1 | _aЩ143(4Б)6-8Магритт | |
| 700 | 1 |
_8rus _7ca _aГеташвили _bН. В. _f1950-2023 _gНина Викторовна _3RU\NLR\AUTH\7746117 _929052 |
|
| 702 | 1 |
_4570 _7ca _8rus _aМагритт _bР. _f1898-1967 _gРене _9161552 _3RU\NLR\AUTH\770161596 |
|
| 801 | 0 |
_aRU _bРГБ _c20160510 _gRCR |
|
| 942 | _cBOOK | ||
| 980 | _aNB | ||